| 000 | 00491nam a2200193Ia 4500 | ||
|---|---|---|---|
| 003 | 0STCL | ||
| 005 | 20241017103406.0 | ||
| 008 | 150530s9999 xx 000 0 und d | ||
| 040 |
_aSTCL _cSTCL |
||
| 100 | _aRamachandran, M.K. | ||
| 245 | _aതപോഭൂമി: ഉത്തരഖണ്ഡ് | ||
| 246 | _aThapoboomi Utharakhandu | ||
| 250 | _a10 | ||
| 260 |
_bCurrent Book; Thrissur _c2009 _aThrissur |
||
| 300 | _a0 | ||
| 546 | _aMalayalam | ||
| 942 |
_2ddc _cBK |
||
| 999 |
_c78555 _d78555 |
||